Most Common 3 Letter Words - A to Z - Statistics

General Stats
  • This quiz has been taken 377 times
  • The average score is 14 of 25
Answer Stats
letter freq word % Correct
A 26,817 and
93%
C 5050 can
85%
T 61,854 the
80%
B 4600 but
78%
N 12,621 not
74%
F 8551 for
73%
G 3205 get
71%
Y 13,939 you
70%
H 8621 his
67%
M 1627 man
61%
Z 17 zoo
59%
L 538 let
57%
P 1296 put
55%
S 8689 she
53%
R 687 run
51%
W 9236 was
51%
E 1112 end
48%
I 1632 its
47%
U 2028 use
47%
Q <1 qat qua quo
42%
O 3033 one
39%
D 1562 day
36%
J 555 job
33%
V 68 van
33%
K 200 key
30%
No matching quizzes found
Score Distribution
Percent of People with Each Score
Percentile by Number Answered
Your Score History
You have not taken this quiz